Online
Catalog

Europa y los nuevos mundos : (Record no. 40201)

MARC details
000 -CABECERA
campo de control de longitud fija 00552nam a2200169 a 4500
001 - NÚMERO DE CONTROL
campo de control 000040711
005 - FECHA Y HORA DE LA ÚLTIMA TRANSACCIÓN
campo de control 20201002034325.0
008 - DATOS DE LONGITUD FIJA--INFORMACIÓN GENERAL
campo de control de longitud fija 130905s20uu sp a 000 0 spa d
020 ## - NÚMERO INTERNACIONAL ESTÁNDAR DEL LIBRO
Número Internacional Estándar del Libro 8477386757
040 ## - FUENTE DE LA CATALOGACIÓN
Centro catalogador/agencia de origen DO-SdBNP
Lengua de catalogación spa
Centro/agencia transcriptor BNPHU
100 1# - ENTRADA PRINCIPAL--NOMBRE DE PERSONA
Nombre de persona Carlos Martínez Shaw
9 (RLIN) 67096
245 10 - MENCIÓN DE TÍTULO
Título Europa y los nuevos mundos :
Resto del título siglos XV-XVIII /
Mención de responsabilidad, etc. Carlos Martínez Shaw, Marina Alfonso Mola.
260 ## - PUBLICACIÓN, DISTRIBUCIÓN, ETC.
Lugar de publicación, distribución, etc. Madrid :
Nombre del editor, distribuidor, etc. Síntesis,
Fecha de publicación, distribución, etc. [20-??].
300 ## - DESCRIPCIÓN FÍSICA
Extensión 222 p. :
Otras características físicas ils. ;
Dimensiones 23 cm.
504 ## - NOTA DE BIBLIOGRAFÍA, ETC.
Nota de bibliografía, etc. Bibliografía : p. 215-222
700 1# - PUNTO DE ACCESO ADICIONAL--NOMBRE DE PERSONA
Nombre de persona Alfonso Mola, Marina
9 (RLIN) 67097
Holdings
Estado de retiro Estado de pérdida Restricciones de uso No para préstamo Código de colección Localización permanente Ubicación/localización actual Ubicación en estantería Fecha de adquisición Número de inventario Total de préstamos Signatura topográfica completa Código de barras Fecha visto por última vez Precio válido a partir de Tipo de ítem Koha
        Monografías: Libros y Folletos General General En catalogación 05.09.2013 LF1   40711-10 25.06.2020 25.06.2020 Préstamo en sala

Powered by Koha